Mổ tim những điều cần biết

Na minha lista:
Detalhes bibliográficos
Autor principal: Đặng Hanh Đệ
Formato: Livro
Idioma:Undetermined
Publicado em: Hà Nội Y Học 2000
Assuntos:
Tags: Adicionar Tag
Sem tags, seja o primeiro a adicionar uma tag!
Thư viện lưu trữ: Trung tâm Học liệu Trường Đại học Cần Thơ
LEADER 00548nam a2200193Ia 4500
001 CTU_42683
008 210402s9999 xx 000 0 und d
020 |b 8.000đ 
082 |a 617.412 
082 |b Đ250 
100 |a Đặng Hanh Đệ 
245 0 |a Mổ tim những điều cần biết 
245 0 |c Đặng Hanh Đệ 
260 |a Hà Nội 
260 |b Y Học 
260 |c 2000 
650 |a heart - diseases,heart - surgery 
904 |i Minh, 010801 
980 |a Trung tâm Học liệu Trường Đại học Cần Thơ